| 000 | 00471nam a2200181 4500 | ||
|---|---|---|---|
| 005 | 20251009114441.0 | ||
| 008 | 250930b |||||||| |||| 00| 0 eng d | ||
| 020 | _a9789391558222 | ||
| 041 | _aMarathi | ||
| 082 |
_a891.46 _bJEV |
||
| 100 |
_aJevne Deepak Hanumant _9213632 |
||
| 245 | _aSantanche Samarasata Sutra | ||
| 260 |
_aPune _bBharatiya Vichar Sadhana Pune Prakashan _c2021 |
||
| 300 | _a120 | ||
| 365 |
_b105.00 _cRs.00 |
||
| 650 | _aGeneral | ||
| 942 | _cBK | ||
| 999 |
_c367899 _d367899 |
||